| 000 | 00729nam a2200241 a 4500 | ||
|---|---|---|---|
| 001 | BRL_780 | ||
| 005 | 20190320210907.0 | ||
| 008 | 071013s1962----gw-a######---#000-0#ger-# | ||
| 041 | _ager | ||
| 044 | _agw | ||
| 050 | 4 |
_aPT2639.T46 _b.S74 1962 |
|
| 100 | 1 |
_aStemmle, Robert A. _924922 |
|
| 245 | 1 | 0 |
_aHerzeleid auf Leinewand _bSieben Moritaten _cHerausgebracht und vorgetragen von R. A. Stemmle. |
| 260 |
_aMünchen _bBruckmann _c1962 |
||
| 300 |
_a84 p. _bil. (algunas a color) _c18 cm. |
||
| 500 | _aAu870 | ||
| 500 | _aEstado físico: Desprendimiento de hojas. | ||
| 504 | _aBibliografía: p. 84 | ||
| 650 | 1 | 4 |
_aLiteratura Alemana _vNovela _922844 |
| 650 | 1 | 4 |
_aArte y literatura _924923 |
| 902 | _aGRL | ||
| 942 |
_2lcc _cB |
||
| 999 |
_c9592 _d9592 |
||